000 00670nam a2200229Ia 4500
005 20250508163729.0
008 008 250505s9999 xx 000 0 eng d
020 _a0-7507-0719-4
037 _aTextual
040 _aFEDL
_beng
_cFEDL
041 _aeng
_2eng
084 _a001.42, BRO
_qFEDL
100 _aBrown Andrew
245 0 _aDoing research/ Reading research: A mode of interrogation for education
260 _aLondon, UK
_bFalmer Press
_c1998
300 _a186p.
365 _aGBP
_b13.95
490 _aMaster Classes in Education Series
700 _a Dowling Paul
_9776141
942 _cTEXL
_h001.42, BRO
999 _c1384937
_d1384937